A Buddhist Approach to International Relations : Radical Interdependence.

Bibliographic Details
Main Author: Long, William J.
Format: eBook
Language:English
Published: Cham : Springer International Publishing AG, 2021.
Edition:1st ed.
Subjects:
Online Access:Click to View
LEADER 02785nam a22003853i 4500
001 EBC6480189
003 MiAaPQ
005 20231204023215.0
006 m o d |
007 cr cnu||||||||
008 231204s2021 xx o ||||0 eng d
020 |a 9783030680428  |q (electronic bk.) 
020 |z 9783030680411 
035 |a (MiAaPQ)EBC6480189 
035 |a (Au-PeEL)EBL6480189 
035 |a (OCoLC)1249473061 
040 |a MiAaPQ  |b eng  |e rda  |e pn  |c MiAaPQ  |d MiAaPQ 
050 4 |a JZ2-6530 
082 0 |a 327.101 
100 1 |a Long, William J. 
245 1 2 |a A Buddhist Approach to International Relations :  |b Radical Interdependence. 
250 |a 1st ed. 
264 1 |a Cham :  |b Springer International Publishing AG,  |c 2021. 
264 4 |c ©2021. 
300 |a 1 online resource (114 pages) 
336 |a text  |b txt  |2 rdacontent 
337 |a computer  |b c  |2 rdamedia 
338 |a online resource  |b cr  |2 rdacarrier 
505 0 |a Intro -- Contents -- About the Author -- List of Figures -- 1 Introduction -- The Call for an Alternative Theory of International Relations -- A Theoretical Sketch -- Chapter Outline -- References -- 2 Radical Interdependence: Buddhist Philosophical Foundations for Social Theory -- Buddhism's Radical Interdependence -- References -- 3 Buddha on Politics, Economics, and Statecraft -- Buddha on Politics1 -- Buddha on Economics -- Buddha on International Relations and Statecraft -- Empirical Referents for Buddhist Statecraft: Aśoka's Mauryan Empire and Contemporary Bhutan -- References -- 4 The Aśokan Empire -- Who Was Aśoka? -- Aśoka's Reign -- Two Notions of Dharma: Buddha Dharma and Aśokan Dharma -- Aśokan Policies -- Aśoka's Foreign Policy -- Aśoka's Forcefulness -- Conclusion -- References -- 5 Modern Bhutan's Buddhist Statecraft -- Introduction -- A History of Modern Bhutanese Statecraft -- Conclusion -- References -- 6 A Buddhist Alternative -- Introduction -- Implications for Today's Challenges -- Buddhism and Science?1 -- The Quantum Revolution -- Reconsidering Brain, Mind, and Human "Nature" -- Implications of New Scientific Discoveries for Social Theory -- Conclusion -- References -- Index. 
588 |a Description based on publisher supplied metadata and other sources. 
590 |a Electronic reproduction. Ann Arbor, Michigan : ProQuest Ebook Central, 2023. Available via World Wide Web. Access may be limited to ProQuest Ebook Central affiliated libraries.  
655 4 |a Electronic books. 
776 0 8 |i Print version:  |a Long, William J.  |t A Buddhist Approach to International Relations  |d Cham : Springer International Publishing AG,c2021  |z 9783030680411 
797 2 |a ProQuest (Firm) 
856 4 0 |u https://ebookcentral.proquest.com/lib/matrademy/detail.action?docID=6480189  |z Click to View